000 00319nam a2200121Ia 4500
008 191201s2014 xx 000 0 und d
100 _aKANIRAJ,Shenbaga
245 0 _aDesign Aids in Soil Mechanics and Foundation Engineering
260 _aN. Delhi
_bTMH
_c2014
300 _a698
650 _aB.Tech(CE)
942 _2ddc
_cBK
999 _c6277
_d6277